[Event "1.FrauenBL 2016-17"]
[Site "Berlin"]
[Date "2017.04.29"]
[Round "10.5"]
[White "Hund, Sarah"]
[Black "Melamed, Tatjana"]
[Result "0-1"]
[WhiteElo "1947"]
[BlackElo "2346"]
[Annotator "TA"]
[PlyCount "58"]
[EventDate "2017.??.??"]
[EventType "team-tourn"]
[EventCountry "GER"]
[SourceTitle "playchess.com"]
[Source "ChessBase"]
[SourceQuality "1"]
[WhiteTeam "Karlsruher SF"]
[BlackTeam "SC Bad Königshofen"]

{[%evp 15,58,-4,20,-62,-60,-67,-62,-66,-55,-58,-66,-65,-47,-52,-62,-89,-83,-84,-89,-92,-93,-90,-92,-116,-116,-110,-112,-234,-254,-320,-306,-302,-291,-411,-415,-636,-645,-571,-537,-662,-657,-1681,-1515,-1367,-1293]} 1. e4 c5 2. Nc3 d6 3. f4 g6 4. Nf3 Bg7 5. Bc4 Nc6 6. a4 Nf6 7. d3 O-O 8. O-O Nd4 {LiveBook: 3 Games. B23: Closed Sicilian: Lines without g3} 9. Kh1 (9. Nxd4 $11 cxd4 10. Nd5) 9... Bg4 $1 $15 10. Be3 e6 {Black is slightly better.} 11. Bxd4 $146 (11. Ba2 Bxf3 12. gxf3 Nh5 13. Rg1 Qh4 14. Bxd4 cxd4 15. Ne2 {0-1 (32) Conquest,S (2585)-King,D (2535) Kilkenny 1996}) 11... cxd4 12. Ne2 d5 13. exd5 Nxd5 14. Bxd5 Qxd5 15. h3 Bxf3 16. Rxf3 Rac8 17. Ng3 Rc6 18. Rf2 f5 19. Ne2 Rfc8 20. Ng1 Bh6 21. Qe2 (21. a5 $17 {was necessary.}) 21... Rxc2 $19 22. Qxc2 Rxc2 23. Rxc2 Bxf4 24. Ne2 (24. Rc4 $142) 24... Be3 25. b4 (25. Ra3 $142) 25... Qb3 {Black is clearly winning.} 26. Rc8+ Kg7 27. Rc7+ Kh6 28. Rxb7 Qb2 29. Re1 Qd2 0-1

[Event "1.FrauenBL 2016-17"]
[Site "Berlin"]
[Date "2017.04.29"]
[Round "10.6"]
[White "Kazarian, Anna-Maja"]
[Black "Kachiani-Gersinska, Ketino"]
[Result "1/2-1/2"]
[WhiteElo "2257"]
[BlackElo "2366"]
[Annotator "TA"]
[PlyCount "83"]
[EventDate "2017.??.??"]
[EventType "team-tourn"]
[EventCountry "GER"]
[SourceTitle "playchess.com"]
[Source "ChessBase"]
[SourceQuality "1"]
[WhiteTeam "Rodewischer SM"]
[BlackTeam "OSG Baden-Baden"]

{[%evp 25,83,0,2,0,0,0,0,-12,0,0,0,0,0,0,0,-43,-57,-44,0,0,0,0,0,-1,10,-18,0,-20,-15,-37,-38,-45,-6,-22,-6,-6,0,-4,0,0,0,0,0,0,0,0,0,-16,0,0,0,-10,-10,-12,21,17,9,0,0,0]} 1. e4 c5 2. Nf3 Nc6 3. d4 cxd4 4. Nxd4 d6 5. Nc3 g6 6. Be3 Nf6 7. Be2 Bg7 8. O-O O-O 9. Kh1 d5 10. exd5 Nxd5 11. Nxd5 Qxd5 12. Bf3 Qc4 13. Nxc6 bxc6 14. c3 {B73: Sizilianisch (Drachen-Variante)} Be6 15. Be2 $146 (15. b3 Qa6 16. Qe2 Qxe2 17. Bxe2 Bxc3 18. Rac1 Ba5 19. Rxc6 Bb6 20. Bf3 Rac8 21. Rfc1 Bxe3 22. fxe3 {½-½ (53) Ertan,C (2246)-Dogan,N (2135) Kocaeli 2014}) 15... Qe4 16. Bd3 Qh4 17. Qc2 Rfd8 18. b3 Rd7 19. Rad1 Rad8 20. f4 Qh5 {[#] Droht ...Lf5 und aus.} 21. Be2 Bg4 22. Rxd7 Rxd7 23. Bxg4 Qxg4 24. h3 Qh5 25. Rf3 Qd5 26. c4 Qe6 27. Qf2 a6 28. Bb6 Qe4 29. Re3 {Die Stellung ist ausgeglichen.} Qb1+ (29... Rd1+ $5 30. Kh2 $8 Qb1 $11) 30. Kh2 Bf6 31. Re1 Qd3 32. Re3 Qf5 33. g4 Qb1 34. Re1 Qd3 35. Qe3 Qc2+ 36. Re2 Qb1 37. g5 Bb2 38. Qe4 Qxe4 39. Rxe4 Rd2+ 40. Kg3 e6 41. Bc5 Bg7 42. a4 {Precision: Weiß = 78%, Schwarz = 77%.} 1/2-1/2

[Event "1.FrauenBL 2016-17"]
[Site "Berlin"]
[Date "2017.04.29"]
[Round "10.6"]
[White "Schneider, Veronika"]
[Black "Scheynin, Julia"]
[Result "1-0"]
[WhiteElo "2230"]
[BlackElo "2028"]
[Annotator "NA RC"]
[PlyCount "87"]
[EventDate "2017.??.??"]
[EventType "team-tourn"]
[EventCountry "GER"]
[SourceTitle "playchess.com"]
[Source "ChessBase"]
[SourceQuality "1"]
[WhiteTeam "SC Bad Königshofen"]
[BlackTeam "Karlsruher SF"]
[TimeControl "40/6000+30:3000+30"]

1. e4 {[%emt 1:30:27]} e6 {[%emt 1:30:27]} 2. d4 {[%emt 1:30:51]} d5 {[%emt 1:30:51]} 3. Nd2 {[%emt 1:31:13]} Nf6 {[%emt 1:31:18]} 4. e5 {[%emt 1:31:33]} Nfd7 {[%emt 1:31:45]} 5. c3 {[%emt 1:31:53]} c5 {[%emt 1:31:53]} 6. Bd3 {[%emt 1:32:02]} Nc6 {[%emt 1:32:28]} 7. Ne2 {[%emt 1:32:31]} cxd4 {[%emt 1:32:37]} 8. cxd4 {[%emt 1:32:53]} f6 {[%emt 1:33:04]} 9. exf6 {[%emt 1:33:10]} Nxf6 {[%emt 1:33:31]} 10. O-O {[%emt 1:33:25]} Bd6 {[%emt 1:33:25]} 11. Nf3 {[%emt 1:33:40]} Qc7 {[%emt 1:33:40]} 12. Nc3 {[%emt 1:33:14]} a6 {[%emt 1:33:37]} 13. Be3 {[%emt 1:32:45] C06: Französische Verteidigung (Tarrasch-Variante)} (13. Bd2 O-O 14. Rc1 Bd7 15. Re1 Rae8 16. Na4 Bc8 17. Ne5 Qb8 18. Bf4 Nxd4 19. Bxh7+ Kxh7 20. Qxd4 Ne4 {1-0 (33) Shankland,S (2652)-Michiels,B (2563) Wijk aan Zee 2015}) 13... O-O {[%emt 1:29:30] LiveBook: 34 Games} 14. Rc1 {[%emt 1:32:31]} Bd7 {[%emt 1:32:31]} 15. Na4 {[%emt 1:31:26]} Rae8 {[%emt 1:25:08]} 16. Nc5 {[%emt 1:31:00]} Re7 {[%emt 1:14:19]} 17. Nxd7 {[%emt 1:30:12]} Rxd7 $146 {[%emt 1:04:33]} (17... Qxd7 18. Re1 Bb8 19. Bg5 Ba7 20. Bh4 Qd6 {1-0 (52) Dvoirys,S (2550)-Gorodetzky,D (2371) Jerusalem 2015}) 18. Re1 {[%emt 1:27:08]} Qb6 {[%emt 0:41:07]} 19. Qe2 {[%emt 1:18:26]} Re7 {[%emt 0:34:57]} 20. Red1 {[%emt 0:34:57]} Nb4 {[%emt 0:26:49]} 21. Bb1 {[%emt 0:26:49]} Qd8 {[%emt 0:23:32]} 22. Bg5 {[%emt 1:07:34]} Qe8 {[%emt 0:19:32]} (22... Nc6 $14) 23. Ne5 {[%emt 1:04:22]} Rc7 {[%emt 1:04:22]} 24. Rxc7 {[%emt 1:01:53]} Bxc7 {[%emt 0:16:08]} 25. a3 {[%emt 0:47:40]} Nc6 {[%emt 0:16:30]} 26. Nxc6 {[%emt 0:16:30]} Qxc6 {[%emt 0:13:54]} 27. Re1 {[%emt 0:46:46]} Re8 {[%emt 0:14:19]} 28. Bxf6 {[%emt 0:14:48]} gxf6 {[%emt 0:14:48]} 29. Qg4+ {[%emt 0:46:21]} Kh8 {[%emt 0:14:21]} 30. Qh5 {[%emt 0:45:44]} Re7 {[%emt 0:45:44]} 31. Qh6 {[%emt 0:13:41]} Rf7 {[%emt 0:45:17]} 32. Bxh7 $18 {[%emt 0:42:26]} Bxh2+ {[%emt 0:12:46]} 33. Kf1 {[%emt 0:34:05]} Bf4 {[%emt 0:13:07]} 34. Qxf4 {[%emt 0:34:12]} Kxh7 {[%emt 0:13:26]} 35. Qh4+ {[%emt 0:33:37]} Kg7 {[%emt 0:12:21]} 36. Qg4+ {[%emt 0:33:41]} Kf8 {[%emt 0:12:42]} 37. Qxe6 {[%emt 0:31:14]} Qc4+ {[%emt 0:31:14]} 38. Kg1 {[%emt 0:13:01]} Qxd4 {[%emt 0:13:04]} 39. Qc8+ {[%emt 0:28:58]} Kg7 {[%emt 0:13:25]} 40. Re3 {[%emt 0:28:39]} Qd1+ {[%emt 0:10:37]} 41. Kh2 {[%emt 0:29:04]} Qh5+ {[%emt 0:09:25]} 42. Rh3 {[%emt 0:29:27]} Qe5+ {[%emt 0:09:40]} 43. Rg3+ {[%emt 0:09:40]} Kh6 {[%emt 0:08:22]} 44. Qg8 {[%emt 0:08:22]} 1-0

[Event "1.FrauenBL 2016-17"]
[Site "Berlin"]
[Date "2017.04.29"]
[Round "10.6"]
[White "Dengler, Dijana"]
[Black "Schleining, Zoya"]
[Result "0-1"]
[WhiteElo "2046"]
[BlackElo "2349"]
[Annotator "TA"]
[PlyCount "118"]
[EventDate "2017.??.??"]
[EventType "team-tourn"]
[EventCountry "GER"]
[SourceTitle "playchess.com"]
[Source "ChessBase"]
[SourceQuality "1"]
[WhiteTeam "FC Bayern München"]
[BlackTeam "SF Deizisau"]

{[%evp 18,118,-21,-15,-31,-26,0,0,0,0,0,0,0,-14,0,-7,0,-11,-15,-18,-13,-29,-36,-50,-54,-67,-28,-96,-9,-70,-51,-100,-105,-160,-160,-156,-151,-162,-160,-220,-226,-260,-260,-260,-260,-260,-260,-260,-260,-260,-256,-291,-276,-278,-236,-236,-221,-233,-231,-225,-227,-214,-214,-208,-207,-263,-265,-350,-351,-339,-314,-314,-314,-321,-322,-418,-422,-434,-433,-514,-498,-550,-545,-561,-559,-466,-450,-615,-632,-566,-387,-633,-621,-562,-510,-713,-688,-813,-855,-972,-950,-1134,-1122]} 1. d4 d5 2. Nf3 Nf6 3. e3 c5 4. b3 Nc6 5. Bb2 cxd4 6. exd4 g6 7. Bd3 Bg7 8. O-O O-O 9. a3 Bg4 {D04: Colle System} (9... Ne4 10. Nbd2 Bf5 11. Re1 Nd6 12. Nf1 Bg4 13. Be2 Qb6 14. Ne5 Bxe2 15. Rxe2 Rfc8 16. Nxc6 Qxc6 17. Rxe7 Qxc2 {0-1 (50) Cueto,J (2283)-Milos,G (2583) Tromsoe 2014}) 10. Nbd2 {LiveBook: 7 Games} e6 11. h3 Bxf3 {Black has an edge.} 12. Nxf3 Qb6 13. Re1 Rac8 14. Qd2 Rfd8 15. Rad1 a6 $146 16. Qe3 Ne8 17. Ne5 Nd6 18. Qf4 Qc7 19. Nxc6 (19. Rc1 $5 {seems wilder.} Nb5 20. g3 Nc3 21. h4 h5 22. g4) 19... Qxc6 20. Re3 Qb6 21. h4 h5 22. Rf3 (22. Rde1 $11) 22... Rd7 ({Black should try} 22... Nf5 $1 $17) 23. Rd2 {[#]} (23. g4 $11 hxg4 24. Qxg4) 23... Nc4 $1 {[%mdl 512]} 24. Bxc4 (24. bxc4 Qxb2) 24... dxc4 25. b4 ({Better is} 25. g3) 25... Qd6 $36 {[%mdl 2048] Black is on the roll.} 26. Qxd6 Rxd6 27. Bc3 Rcd8 28. g3 {[#]} (28. Re2 $17) 28... e5 $1 $19 {[%cal Re5d4][%mdl 512]} (28... Bxd4 29. a4) 29. d5 (29. dxe5 Rxd2) 29... e4 ({Don't take} 29... Rxd5 30. Re2 $17) 30. Re3 {[#] White wants to play Bxg7.} Bh6 $1 ({Weaker is} 30... Rxd5 31. Rxd5 Rxd5 32. Bxg7 Kxg7 33. Rxe4 $15) 31. Rxe4 Bxd2 32. Bxd2 Rxd5 {[%mdl 4096] Endgame KRR-KRB} 33. Bg5 Rc8 34. Re7 b5 35. Kg2 Rd6 36. Ra7 Re8 37. Bf4 Rde6 38. Be3 R8e7 39. Ra8+ Kg7 40. Bd4+ f6 41. Bc5 Rd7 42. Bf8+ Kf7 43. Bh6 Rd1 44. Ra7+ Ke8 45. Ra8+ Kd7 46. Bf4 Ra1 47. Ra7+ Kc8 48. Rc7+ Kd8 {aiming for ...g5.} 49. Rg7 f5 50. Rg8+ Kd7 51. Rg7+ Ke8 52. Bg5 Rxa3 53. Rg8+ Kf7 54. Ra8 $2 (54. Rd8) 54... Rc6 {Black is clearly winning.} 55. Ra7+ Ke6 56. Re7+ Kd5 57. Bf4 c3 58. Rd7+ Kc4 59. Bg5 Ra2 {Precision: White = 33%, Black = 91%.} 0-1

[Event "1.FrauenBL 2016-17"]
[Site "Berlin"]
[Date "2017.04.29"]
[Round "10.6"]
[White "Kube, Hannelore"]
[Black "Tran, My Linh"]
[Result "0-1"]
[WhiteElo "1930"]
[BlackElo "1990"]
[Annotator "NA RC"]
[PlyCount "49"]
[EventDate "2017.??.??"]
[EventType "team-tourn"]
[EventCountry "GER"]
[SourceTitle "playchess.com"]
[Source "ChessBase"]
[SourceQuality "1"]
[WhiteTeam "SV Medizin Erfurt"]
[BlackTeam "TuRa Harksheide"]
[TimeControl "40/6000+30:3000+30"]

1. c4 {[%emt 1:30:27]} Nf6 {[%emt 1:29:33]} 2. Nc3 {[%emt 1:30:51]} g6 {[%emt 1:29:54]} 3. g3 {[%emt 1:31:16]} Bg7 {[%emt 1:30:07]} 4. Bg2 {[%emt 1:31:41]} O-O {[%emt 1:31:41]} 5. e4 {[%emt 1:29:45]} d6 {[%emt 1:30:02]} 6. Nge2 {[%emt 1:32:20]} e5 {[%emt 1:27:25]} 7. d3 {[%emt 1:32:33]} Nbd7 {[%emt 1:32:33]} 8. O-O {[%emt 1:32:23]} Ne8 {[%emt 1:32:23]} 9. f4 {[%emt 1:25:24]} f5 {[%emt 1:06:21]} 10. Be3 {[%emt 1:20:48]} Ndf6 {[%emt 0:56:02]} 11. h3 {[%emt 1:11:43]} c6 {[%emt 1:11:43]} 12. Qd2 {[%emt 1:09:31]} Be6 {[%emt 1:09:31]} 13. Rad1 {[%emt 1:04:32]} fxe4 {[%emt 0:31:26]} 14. fxe5 $15 {[%emt 0:46:35]} (14. dxe4 $11 exf4 15. Rxf4 (15. gxf4 Bxc4 16. b3 Bxe2 17. Qxe2 Nh5 $11)) 14... dxe5 {[%emt 0:30:55]} 15. Nxe4 {[%emt 0:35:37]} Nxe4 {[%emt 0:31:18]} 16. Rxf8+ {[%emt 0:36:00]} Bxf8 {[%emt 0:31:03]} 17. Bxe4 {[%emt 0:35:02]} Bxh3 {[%emt 0:31:01]} 18. Bh6 {[%emt 0:31:43]} Nd6 {[%emt 0:27:30]} 19. Nc3 {[%emt 0:23:40]} Qd7 {[%emt 0:12:41]} 20. Qg5 {[%emt 0:05:21]} Nf7 {[%emt 0:10:39]} 21. Qh4 {[%emt 0:10:39]} Bxh6 {[%emt 0:09:54]} 22. Bd5 {[%emt 0:01:20]} cxd5 {[%emt 0:09:24]} 23. Nxd5 {[%emt 0:01:47]} Bg5 {[%emt 0:07:51]} 24. Qe4 {[%emt 0:02:10]} Qg4 {[%emt 0:02:10]} 25. Ne7+ {[%emt 0:02:10] Bd2 0:02:10 b4 0:02:10 Qe2 0:02:10 Bd7 0:02:10 --- 0:02:10 Rc7 0:02:10} 0-1

[Event "1.FrauenBL 2016-17"]
[Site "Berlin"]
[Date "2017.04.29"]
[Round "10.7"]
[White "Batsiashvili, Nino"]
[Black "Hapala, Elisabeth"]
[Result "1-0"]
[WhiteElo "2496"]
[BlackElo "2091"]
[Annotator "TA"]
[PlyCount "91"]
[EventDate "2017.??.??"]
[EventType "team-tourn"]
[EventCountry "GER"]
[SourceTitle "playchess.com"]
[Source "ChessBase"]
[SourceQuality "1"]
[WhiteTeam "SK Schwäbisch Hall"]
[BlackTeam "SG Augsburg"]

{[%evp 11,91,28,33,27,28,22,31,20,8,16,24,16,54,48,38,-2,27,26,25,22,45,32,304,310,283,-150,248,288,469,513,445,102,195,179,830,797,764,506,502,485,460,430,400,375,371,346,349,339,435,431,397,283,260,244,252,218,364,370,480,481,466,461,504,462,493,493,483,478,712,707,1064,729,721,559,2803,2684,2608,2586,2452,1985,2484,2343]} 1. d4 d5 2. c4 c6 3. Nf3 Nf6 4. e3 Bf5 5. Nc3 e6 6. Nh4 Bg6 7. Bd2 {D12: Slav Defence: 3 Nf3 Nf6 4 e3 Bf5} (7. Be2 Nbd7 8. O-O Bd6 9. g3 Qe7 10. Qb3 Rb8 11. Rd1 Ne4 12. cxd5 exd5 13. Nxe4 Bxe4 14. f3 Bg6 {1-0 (72) Caruana,F (2823)-Topalov,V (2760) Saint Louis 2016}) 7... Nbd7 8. Nxg6 hxg6 9. Be2 {White is slightly better.} Bd6 10. h3 Qc7 11. Rc1 a6 $146 (11... Qd8 12. Qb3 Rb8 13. Bf3 g5 14. g3 Qe7 15. cxd5 exd5 {½-½ (69) Middelveld,M (2073)-Tjoelsen,K (2121) Gaziantep 2008}) 12. c5 Be7 13. f4 Ne4 14. Nxe4 dxe4 15. O-O $36 {[%mdl 2048] White has some pressure.} f5 16. Bc4 Kf7 $2 {[%mdl 8192]} ({Black should play} 16... Nf8 $1 $14) 17. Bxe6+ $1 $18 (17. Qb3 Nf8 $16) 17... Kxe6 18. Qb3+ Kf6 19. Bc3 $1 g5 $2 {[#]} (19... Bxc5 20. dxc5+ Ke7) 20. fxg5+ $1 (20. d5+ Kg6 21. d6 Nxc5 22. dxc7 Nxb3 23. axb3 gxf4 24. exf4 Rhc8 $15) 20... Kxg5 21. Qe6 $2 (21. Rxf5+ $18 Kxf5 22. Qf7+ Bf6 23. Rf1+ Kg5 {[#]} 24. Rxf6 $1 {[%mdl 512]} Nxf6 25. Qxc7) 21... Nf6 (21... Bf6 $16 {keeps fighting.}) 22. d5 {Hoping for d6.} (22. Qxf5+ Kh6 $11) 22... Rae8 $2 (22... cxd5 $2 23. Qxf5+ Kh6 24. Be5 $18) (22... Qg3 23. Rce1 (23. Qxe7 Kg6 24. Be5 Qxe3+ 25. Kh1 Rae8 $16) 23... Kh6) 23. Qxf5+ Kh6 24. Be5 (24. Bxf6 Bxf6 25. d6 Qf7 $15) 24... g6 25. Qf4+ ({Inferior is} 25. Bxc7 gxf5 26. d6 Nd5 27. dxe7 (27. Rxf5 $2 Bg5 28. Rxg5 Kxg5 $19) 27... Nxc7 28. Rxf5 Rxe7 29. Rf6+ Kg7 $19) 25... g5 26. Qf5 ({Not} 26. Bxc7 gxf4 27. Bxf4+ Kg6 $11) 26... Qd7 27. Bxf6 {Qxg5+ would kill now.} Qxf5 28. Rxf5 Rhf8 29. Rcf1 Bxc5 30. Bxg5+ Kg6 31. Rxf8 Bxf8 {[%mdl 4096] Endgame KRB-KRB} 32. h4 {[%cal Bh3h4,Bh4h5,Bh5h6,Bh6h7][%mdl 32]} cxd5 33. Rd1 Rc8 (33... Kf5 {is a better defense.} 34. Rxd5+ Kg4) 34. Rxd5 Rc2 {[#]} 35. h5+ $1 {White is clearly winning.} Kf7 (35... Kxh5 36. Be7+) 36. Rd7+ Ke6 37. Rxb7 Bd6 38. Bf4 Bxf4 39. exf4 {KR-KR} Kf5 (39... e3 $142 40. Rb3 e2) 40. h6 Rc6 41. h7 Rh6 42. g3 Kg4 43. Kg2 e3 44. Rg7+ Kf5 45. Kf3 Kf6 46. Ra7 1-0

[Event "1.FrauenBL 2016-17"]
[Site "Berlin"]
[Date "2017.04.29"]
[Round "10.7"]
[White "Levushkina, Elena"]
[Black "Stangl, Anita"]
[Result "1-0"]
[WhiteElo "2300"]
[BlackElo "2053"]
[Annotator "TA"]
[PlyCount "101"]
[EventDate "2017.??.??"]
[EventType "team-tourn"]
[EventCountry "GER"]
[SourceTitle "playchess.com"]
[Source "ChessBase"]
[SourceQuality "1"]
[WhiteTeam "SF Deizisau"]
[BlackTeam "FC Bayern München"]

{[%evp 26,101,98,97,101,44,56,56,60,47,123,127,183,198,206,189,295,277,408,397,652,648,707,722,716,706,930,705,753,736,842,790,778,604,648,582,569,591,550,503,461,364,352,327,329,314,360,326,302,305,326,322,324,333,397,400,554,541,671,664,679,670,689,682,675,664,29954,4730,5326,882,5322,856,29983,29966,29984,29985,29990,29986]} 1. e4 e6 2. d4 d5 3. Nc3 Nf6 4. e5 Nfd7 5. f4 c5 6. Nf3 Nc6 7. Be3 Qb6 8. Na4 Qa5+ 9. c3 cxd4 10. b4 Nxb4 11. cxb4 Bxb4+ 12. Bd2 Bxd2+ 13. Nxd2 b5 {C11: French: Classical System: 4 e5 and 4 Bg5 dxe4} 14. Nb2 {LiveBook: 3 Games} O-O {[#]} 15. Nd3 (15. Be2 $1 $16) 15... f6 $146 {White is slightly better.} (15... Nb6 16. Kf2 Nc4 17. Nf3 f6 18. g3 Bd7 19. exf6 gxf6 20. Nc5 Ne3 21. Qe1 Qc7 22. Nxd7 Qxd7 23. Bh3 {1-0 (23) Cheparinov,I (2660)-Battaglini,G (2411) Caleta 2010}) 16. exf6 Nxf6 17. a4 {[%cal Ba2a4,Ba4a5][%mdl 32]} b4 ({Better is} 17... Ne4 $14) 18. Nb3 $16 Qb6 (18... Qd8 $16) 19. a5 $18 Qd6 20. g3 (20. Nxd4 Ne4 $14) 20... g5 {[#]} (20... Ba6 $142) 21. Ne5 $1 ({Weaker is} 21. Nxd4 Ne4 $16) 21... Rb8 (21... Nd7 $142) 22. Qxd4 gxf4 $2 (22... Nd7 23. Bd3 (23. Ng4 e5 24. fxe5 Nxe5 25. Qxe5 Qxe5+ 26. Nxe5 Re8 $18) 23... gxf4 24. gxf4 Nxe5 25. fxe5 Qc7) 23. gxf4 Rb7 24. Rg1+ Kh8 25. Rc1 {[%cal Ba1c1,Bc1c6,Bc6c2][%mdl 32]} Re7 26. Rc6 Qd8 27. Rc2 Qe8 28. Be2 Qa4 29. Qb2 d4 30. Nc6 Rc7 31. Ncxd4 Rxc2 32. Nxc2 Bb7 33. Nc5 Qxa5 {Threatens to win with ...b3+.} 34. Qxb4 Qxb4+ 35. Nxb4 Bc8 36. Rg3 a5 37. Nbd3 Nd5 38. Rf3 Rf7 39. Bd1 Ra7 40. Bb3 Kg7 41. f5 {[%cal Bf4f5,Bf5e6,Be6e7][%mdl 32]} Re7 42. Kf2 Nf6 43. Bxe6 Bxe6 44. fxe6 h5 45. h3 Ra7 46. Ne5 Rc7 47. Ned7 Ne8 48. e7 Rc8 49. Rf8 {White mates.} Ra8 50. Ne6+ Kg6 {[#]} 51. Nc7 $1 {[%mdl 512]} 1-0

[Event "1.FrauenBL 2016-17"]
[Site "Berlin"]
[Date "2017.04.29"]
[Round "10.7"]
[White "Tammert, Iamze"]
[Black "Korenova, Martina"]
[Result "1-0"]
[WhiteElo "2290"]
[BlackElo "2154"]
[Annotator "TA"]
[PlyCount "128"]
[EventDate "2017.??.??"]
[EventType "team-tourn"]
[EventCountry "GER"]
[SourceTitle "playchess.com"]
[Source "ChessBase"]
[SourceQuality "1"]
[WhiteTeam "OSG Baden-Baden"]
[BlackTeam "Rodewischer SM"]

{[%evp 11,128,27,50,24,40,16,21,9,16,0,0,-54,91,87,88,94,158,161,165,154,188,133,128,137,147,154,162,152,195,178,180,163,154,144,207,157,217,172,174,168,310,304,310,308,299,282,294,149,276,166,348,346,389,393,385,209,231,231,229,231,231,231,231,231,231,200,223,216,230,230,211,210,287,296,275,289,276,285,323,322,302,317,340,279,353,323,438,433,424,426,426,388,440,440,428,411,1013,984,904,681,1075,1010,1119,1033,938,918,5654,5627,5169,4821,29981,29982,29987,29988,29988,29989,29992,29988,29992]} 1. c4 g6 2. Nc3 Bg7 3. d4 Nf6 4. e4 O-O 5. Nf3 d6 6. h3 Na6 {LiveBook: 765 Games} 7. Qc2 {E90: King's Indian: Classical: Early deviations and 6 h3} (7. Be3 c6 8. Rc1 Nc7 9. Be2 b5 10. e5 dxe5 11. dxe5 Nd7 12. cxb5 cxb5 13. O-O Bb7 14. Nxb5 Nd5 15. e6 fxe6 {½-½ (92) Wei,Y (2706)-Adhiban,B (2653) Wijk aan Zee 2017}) 7... e5 8. d5 Bd7 9. Be2 {The position is equal.} Nh5 $146 (9... Nb4 10. Qb1 a5 11. Be3 Nh5 12. a3 Na6 13. Nd2 Nf4 14. Bf3 a4 {½-½ (51) Reuss,A (2295)-Podzielny,K (2469) Schwaebisch Gmuend 2001}) 10. g3 f5 11. Nh4 (11. Bg5 $11 Nf6 12. Nd2) 11... Nf6 (11... Nb4 $15 {keeps the upper hand.} 12. Qd2 (12. Qb3 f4 13. g4 Qxh4 $15) 12... f4 13. Bxh5 gxh5) 12. exf5 $16 gxf5 13. Nxf5 Bxf5 (13... Nb4 $142 14. Qb1 Bxf5 15. Qxf5 Nfxd5) 14. Qxf5 c6 15. O-O Qe8 16. Bd3 (16. Qd3 $18) 16... Nc5 {[#]} 17. Bc2 $1 e4 {[#]} 18. Qg5 $1 h6 19. Qh4 cxd5 20. cxd5 (20. Bxh6 d4 $16) 20... Qg6 21. Be3 Rac8 22. Rad1 Rfe8 (22... Nd3 $16) 23. Rfe1 Re5 (23... Nd3 $16) 24. Bxc5 Rxc5 25. Bxe4 Qf7 (25... Qe8 {was called for.}) 26. Bg2 $18 Qe7 27. Rxe5 Qxe5 28. Qb4 b6 29. Qd4 (29. Rd3 $18) 29... Qf5 (29... Qxd4 $16 30. Rxd4 Nd7) 30. Qd3 Qe5 $2 (30... Qxd3 {keeps fighting.} 31. Rxd3 Nd7) 31. Kf1 Rc8 32. Re1 Qg5 33. Qe3 (33. f4 $142 Qh5 34. Re7) 33... Re8 34. Qxg5 Rxe1+ 35. Kxe1 hxg5 {[%mdl 4096] Endgame KBN-KBN} 36. Nb5 Ne8 37. Nxa7 Bxb2 38. Nc6 Kg7 39. Ke2 Kf6 40. Kd3 Nc7 41. Kc4 Ba3 42. Nb4 Bb2 43. Nd3 Ba1 44. Be4 Ke7 45. f4 gxf4 46. Nxf4 ({Resist} 46. gxf4 $6 b5+ 47. Kb4 Bd4 $16) 46... Kf6 47. Nd3 Kg5 48. Ne1 Kh5 49. Nf3 Bb2 50. g4+ Kh6 51. h4 Bc1 52. Nd4 Kg7 53. Nf5+ Kf6 (53... Kf8 $142 54. Nxd6 Bf4) 54. g5+ {[%cal Bg4g5,Bg5g6,Bg6g7][%mdl 32]} Ke5 55. g6 {g7 is the strong threat.} Ne8 56. Bc2 Kf6 57. Kb5 Nc7+ 58. Kc6 Na6 59. g7 Kf7 60. Kxd6 Nb8 61. Kc7 {White mates.} Bf4+ 62. d6 Na6+ 63. Kxb6 Bg5 64. Kb7 Nb8 {Precision: White = 62%, Black = 38%.} 1-0

[Event "1.FrauenBL 2016-17"]
[Site "Berlin"]
[Date "2017.04.29"]
[Round "10.8"]
[White "Georgescu, Lena"]
[Black "Daulyte, Deimante"]
[Result "0-1"]
[WhiteElo "2187"]
[BlackElo "2443"]
[Annotator "TA"]
[PlyCount "106"]
[EventDate "2017.??.??"]
[EventType "team-tourn"]
[EventCountry "GER"]
[SourceTitle "playchess.com"]
[Source "ChessBase"]
[SourceQuality "1"]
[WhiteTeam "SG Augsburg"]
[BlackTeam "SK Schwäbisch Hall"]

{[%evp 20,106,52,53,63,20,20,6,16,25,8,24,14,0,0,-3,-4,-6,-12,-17,2,9,8,11,7,0,0,0,0,0,0,-13,-2,-89,-90,-97,-90,-92,-94,-96,-97,-103,-83,-64,-68,-110,-112,-219,-219,-219,-219,-219,-219,-219,-219,-219,-219,-219,-219,-219,-219,-233,-265,-299,-233,-1993,-1704,-2270,-1850,-29968,-29970,-29964,-29963,-29974,-29975,-29975,-29976,-29978,-29979,-29987,-29988,-29989,-29989,-29994,-29991,-29995,-29990,-29995,-29996]} 1. e4 {[%cal Be2e4,Be4e5][%mdl 32]} Nf6 2. e5 Nd5 3. d4 d6 4. c4 Nb6 5. exd6 cxd6 6. Nc3 g6 7. h3 Bg7 8. Nf3 O-O 9. Be2 Nc6 10. O-O d5 {B04: Alekhine's Defence: 4 Nf3} (10... Bf5 11. Be3 d5 12. b3 dxc4 13. bxc4 Na5 14. c5 Nbc4 15. Bf4 b6 16. Bxc4 Nxc4 17. Qe2 bxc5 18. Qxc4 cxd4 19. Ne2 Rc8 {1-0 (47) Kobalia,M (2672)-Savchenko,B (2616) Aix les Bains 2011}) 11. c5 {LiveBook: 4 Games} Nd7 {[%cal Bb6d7,Bd7b8,Bb8c6,Bc6d4][%mdl 32]} 12. Nxd5 Ndb8 $146 {The position is equal.} (12... e5 13. Be3 e4 14. Nd2 Nxc5 15. dxc5 Qxd5 16. Qc2 Nd4 17. Bxd4 Qxd4 18. Nc4 Qxc5 19. Qxe4 {½-½ (48) Connolly,S (2040)-Lebel Arias,J (2020) Novi Sad 1990}) 13. Nc3 Nxd4 14. Nxd4 Qxd4 15. Qxd4 Bxd4 16. Bh6 Rd8 17. Nb5 {Hoping for Nc7.} Nc6 ({Much worse is} 17... Bxb2 $6 18. Nc7 Bxa1 19. Rxa1 $16) 18. Nxd4 Nxd4 19. Bc4 Bf5 20. Rac1 b5 21. cxb6 $1 axb6 22. Be3 b5 23. Bxd4 $1 Rxd4 24. Bb3 Rd2 25. Rc7 e6 $36 {[%mdl 2048] Black has the initiative.} 26. Rb7 (26. g4 $1 $11 Bd3 27. Rd7 Bxf1 28. Rxd2) 26... Be4 $17 27. Rb6 Rxb2 28. Rc1 Rd8 29. Rxb5 Rdd2 30. Rb4 Bf5 31. g4 Bc2 32. Rf4 {[#]} g5 $1 {[%cal Rg5f4]} 33. Rf6 (33. Rf3 $17) 33... Kg7 $19 ({Don't play} 33... Bxb3 34. axb3 Rd7 35. Rf3 $15) 34. Rf3 Be4 35. Re3 Bb7 36. Rec3 Rxf2 37. R1c2 {[#]} Rfxc2 $1 38. Rxc2 Rxc2 39. Bxc2 {[%mdl 4096] Endgame KB-KB} h6 {[%cal Bh7h6,Bh6g5,Bg5g4,Bg4g3][%mdl 32]} 40. Kf2 Kf6 41. Kg3 Ke5 42. h4 $2 (42. a4) 42... f5 43. gxf5 exf5 {[%cal Be6f5,Bf5f4,Bf4f3][%mdl 32]} 44. hxg5 hxg5 {Black mates.} 45. a4 Bc8 46. a5 f4+ 47. Kf2 g4 48. Bd1 g3+ 49. Kg1 Bb7 50. Be2 f3 51. Bb5 Kf4 52. a6 Bc8 53. Bc4 Bh3 0-1